| 000 | 00970nam a2200289 i 4500 | ||
|---|---|---|---|
| 001 | 15115 | ||
| 003 | ES-MaACL | ||
| 005 | 20250929063048.0 | ||
| 007 | t| | ||
| 008 | 991222s1999 sp ||||1| spa d | ||
| 020 | _a84-339-0571-6 | ||
| 080 | _a330.82 | ||
| 080 | _a323.2"19" | ||
| 080 | _a329.11"19" | ||
| 100 | 1 |
_aBourdieu, Pierre, _d1930-2002 _930964 |
|
| 245 | 1 | 0 |
_aContrafuegos _b: reflexiones para servir a la resistencia contra la invasión neoliberal / _cPierre Bourdieu ; traducción de Joaquín Jordá. |
| 260 |
_aBarcelona : _bAnagrama, _c[1999] |
||
| 300 |
_a153 p. ; _c20 cm. |
||
| 490 | 1 |
_aColección Argumentos ; _v221 |
|
| 650 | 7 |
_aLiberalismo económico _2embne _9135483 |
|
| 650 | 1 | 4 |
_aMovimientos sociales- _yS.XX. _915233 |
| 650 | 4 |
_aConservadurismo- _yS.XX. _911289 |
|
| 700 | 1 |
_aJordá, Joaquín. _966895 |
|
| 830 | 0 |
_aColección Argumentos ; _v221 _9178071 |
|
| 852 |
_aES-MaACL _jL-22285 _bR.127640 |
||
| 999 |
_c15115 _d15115 |
||